000 00326nam a22001337a 4500
020 _a9788126552757
082 _a005.369
_bFIN/AU
100 _aFinkelstein, Ellen
_9620
100 _aAmbrosius,Lee
_9760
245 _aAutoCAD 2015 and AutoCAD LT 2015 Bible
260 _aNew Delhi
_bWiley
_c2015
300 _a1253
942 _cBK
999 _c14455
_d14455